[Event "17th EUR-ch"]
[Site "Gjakova KOS"]
[Date "2016.05.21"]
[Round "9.23"]
[White "Stefansson, Hannes"]
[Black "Howell, David"]
[Result "1/2-1/2"]
[WhiteElo "2581"]
[BlackElo "2671"]
[EventDate "2016.05.12"]
[PlyCount "54"]

1.e4 e5 2.Nf3 Nc6 3.Bb5 a6 4.Ba4 Nf6 5.d3 d6 6.c3 g6 7.O-O Bg7 8.h3 O-O 9.
Re1 Re8 10.Be3 h6 11.Nbd2 b5 12.Bc2 a5 13.d4 exd4 14.cxd4 Nb4 15.Bb1 Bb7 
16.a3 Na6 17.d5 c6 18.dxc6 Bxc6 19.Nd4 Bd7 20.Bd3 Qb8 21.Qe2 Nc5 22.Bxb5 
Bxb5 23.Nxb5 Nfxe4 24.Nxe4 Rxe4 25.Rad1 Re6 26.Nxd6 Rxd6 27.Bxc5 Rxd1 
1/2-1/2

[Event "17th EUR-ch"]
[Site "Gjakova KOS"]
[Date "2016.05.21"]
[Round "9.25"]
[White "Jones, Gawain"]
[Black "Kozul, Zdenko"]
[Result "0-1"]
[WhiteElo "2657"]
[BlackElo "2591"]
[EventDate "2016.05.12"]
[PlyCount "86"]

1.d4 Nf6 2.c4 g6 3.Nc3 Bg7 4.e4 d6 5.h3 O-O 6.Be3 c6 7.Nf3 Na6 8.Nd2 e5 9.
d5 Nh5 10.g3 Bd7 11.Be2 Nf6 12.g4 cxd5 13.cxd5 Qc7 14.a3 Rfc8 15.g5 Ne8 
16.h4 Bf8 17.Nb5 Qb8 18.h5 Ng7 19.hxg6 fxg6 20.Rc1 Rxc1 21.Qxc1 Be7 22.Rg1
Bd8 23.Qc4 Bb6 24.Bxb6 axb6 25.f4 exf4 26.Qd4 Bxb5 27.Bxb5 Qc7 28.Nc4 Qe7 
29.Kf2 Nc7 30.a4 Nxb5 31.axb5 Ra4 32.Rg4 Nh5 33.b3 Ra2+ 34.Kf3 Rh2 35.Qxb6
Rh3+ 36.Kf2 Rg3 37.Rxf4 Qxg5 38.Rf3 Rg2+ 39.Kf1 Ra2 40.Ne3 Ng3+ 41.Ke1 
Nxe4 42.Kd1 Nf2+ 43.Ke1 Qg1+ 0-1

[Event "17th EUR-ch"]
[Site "Gjakova KOS"]
[Date "2016.05.21"]
[Round "9.26"]
[White "Svetuschin, Dumitru"]
[Black "Swiercz, Dariusz"]
[Result "0-1"]
[WhiteElo "2575"]
[BlackElo "2656"]
[EventDate "2016.05.12"]
[PlyCount "72"]

1.e4 c5 2.Nf3 d6 3.d4 cxd4 4.Nxd4 Nf6 5.Nc3 a6 6.f3 e5 7.Nb3 Be6 8.Be3 Be7
9.Qd2 O-O 10.O-O-O Nbd7 11.g4 b5 12.Rg1 Nb6 13.g5 Nh5 14.Na5 Rc8 15.Kb1 g6
16.Nd5 Nxd5 17.exd5 Bxd5 18.Qxd5 Qxa5 19.Bd3 Qc7 20.Be4 Rfd8 21.Qd3 Bf8 
22.Bd5 Bg7 23.Rg4 a5 24.c3 Rb8 25.Rh4 b4 26.c4 Kh8 27.Rg1 Rf8 28.Rgg4 Qd7 
29.Be4 Nf4 30.Qf1 b3 31.a3 Qe6 32.Bxf4 exf4 33.Rxf4 Qe5 34.Qc1 Qxg5 35.
Rhg4 Qe5 36.Rh4 f5 0-1

[Event "17th EUR-ch"]
[Site "Gjakova KOS"]
[Date "2016.05.21"]
[Round "9.27"]
[White "Kravtsiv, Martyn"]
[Black "Steingrimsson, Hedinn"]
[Result "1/2-1/2"]
[WhiteElo "2641"]
[BlackElo "2574"]
[EventDate "2016.05.12"]
[PlyCount "73"]

1.e4 e5 2.Nf3 Nc6 3.Bb5 Nf6 4.d3 Bc5 5.Bxc6 dxc6 6.Nbd2 Be6 7.O-O Nd7 8.b3
f6 9.Bb2 Nf8 10.Re1 Qd7 11.a3 Ng6 12.Nf1 Rd8 13.Bc1 Be7 14.Be3 c5 15.Ng3 
a5 16.a4 h5 17.h3 h4 18.Nf1 b6 19.N3h2 Qc6 20.Bd2 Rd7 21.Qf3 Kd8 22.Kh1 
Kc8 23.Ne3 Kb8 24.Nf5 Bd8 25.Ng4 Rf7 26.Nfe3 Rd7 27.Nc4 Be7 28.Nge3 Qb7 
29.Nf5 Bf8 30.Rg1 Ne7 31.Nxe7 Bxe7 32.Qe2 g5 33.Rgb1 Rhd8 34.f3 Qc6 35.Bc3
Bd6 36.Qe1 Kc8 37.Ne3 1/2-1/2

[Event "17th EUR-ch"]
[Site "Gjakova KOS"]
[Date "2016.05.21"]
[Round "9.28"]
[White "Antal, Gergely"]
[Black "Romanov, Evgeny"]
[Result "1/2-1/2"]
[WhiteElo "2539"]
[BlackElo "2641"]
[EventDate "2016.05.12"]
[PlyCount "67"]

1.e4 e5 2.Nf3 Nc6 3.Bc4 Bc5 4.O-O Nf6 5.d3 d6 6.c3 a6 7.Re1 Ba7 8.Bb3 O-O 
9.h3 h6 10.Nbd2 Be6 11.Nf1 Bxb3 12.Qxb3 Qd7 13.Be3 Bxe3 14.Nxe3 b5 15.a4 
Ne7 16.axb5 axb5 17.Rxa8 Rxa8 18.d4 exd4 19.Nxd4 c6 20.f3 Re8 21.Rd1 Qa7 
22.Qc2 d5 23.exd5 Nexd5 24.Nxd5 Nxd5 25.Qf2 Nf4 26.Re1 Rxe1+ 27.Qxe1 Ne6 
28.Qe4 Nxd4 29.cxd4 Qa1+ 30.Kh2 Qxb2 31.Qxc6 b4 32.Qc8+ Kh7 33.Qf5+ Kg8 
34.Qc8+ 1/2-1/2

[Event "17th EUR-ch"]
[Site "Gjakova KOS"]
[Date "2016.05.21"]
[Round "9.29"]
[White "Georgiev, Kiril"]
[Black "Stupak, Kirill"]
[Result "0-1"]
[WhiteElo "2640"]
[BlackElo "2535"]
[EventDate "2016.05.12"]
[PlyCount "148"]

1.d4 Nf6 2.Nf3 g6 3.g3 Bg7 4.Bg2 O-O 5.O-O d5 6.c4 c6 7.b3 Bf5 8.Bb2 Ne4 
9.e3 Nd7 10.Nc3 Nxc3 11.Bxc3 Be4 12.Qe2 e6 13.Rfc1 Qe7 14.Bf1 dxc4 15.bxc4
c5 16.a4 Rac8 17.Nd2 Bc6 18.a5 Nf6 19.Bg2 Bxg2 20.Kxg2 Rfd8 21.Rab1 Ne8 
22.Nb3 cxd4 23.exd4 Qc7 24.Ba1 Nd6 25.Kg1 Nf5 26.d5 Bxa1 27.Rxa1 exd5 28.
cxd5 Qd6 29.Rd1 Re8 30.Qf3 Re5 31.Rd3 Rd8 32.Rad1 Ne7 33.h4 h5 34.R1d2 
Rxd5 35.Rxd5 Nxd5 36.Rd4 Rd7 37.Qe4 Kg7 38.Rd2 b6 39.axb6 axb6 40.Kh2 Qe6 
41.Qxe6 fxe6 42.Nd4 Kf6 43.Nb5 Rd8 44.Rc2 Ra8 45.Rc6 Ra4 46.Kg2 Ke7 47.Rc2
Kd7 48.Rd2 Rb4 49.Nd4 b5 50.Kf3 Kd6 51.Ke2 e5 52.Nf3 Re4+ 53.Kd1 b4 54.Kc2
Kc5 55.Kb3 Nb6 56.Rc2+ Kb5 57.Rc7 Rc4 58.Rxc4 Nxc4 59.Ng5 Na5+ 60.Kc2 Kc4 
61.Nf7 b3+ 62.Kb2 Nc6 63.Nh8 Ne7 64.Nf7 e4 65.Ng5 Kd3 66.Kxb3 Nc6 67.Kb2 
Ne5 68.Kc1 Ke2 69.Kc2 Kxf2 70.Nxe4+ Kf3 71.Nf6 Kxg3 72.Kc3 Kxh4 73.Kd4 Ng4
74.Nh7 Kg3 0-1

[Event "17th EUR-ch"]
[Site "Gjakova KOS"]
[Date "2016.05.21"]
[Round "9.30"]
[White "Beliavsky, Alexander"]
[Black "Stocek, Jiri"]
[Result "1/2-1/2"]
[WhiteElo "2624"]
[BlackElo "2531"]
[EventDate "2016.05.12"]
[PlyCount "87"]

1.d4 Nf6 2.c4 e6 3.Nf3 Bb4+ 4.Bd2 a5 5.g3 c5 6.Bg2 cxd4 7.Nxd4 Nc6 8.Nb5 
d5 9.O-O O-O 10.cxd5 Nxd5 11.N1a3 Bd7 12.Rc1 Bxd2 13.Qxd2 Ncb4 14.b3 Bxb5 
15.Nxb5 Qb6 16.Na3 Rfd8 17.Nc4 Qc7 18.a3 Nc6 19.Qb2 h6 20.Rfd1 Nde7 21.Re1
Rac8 22.b4 axb4 23.axb4 b5 24.Na5 Qe5 25.Qxe5 Nxe5 26.Rc5 Rxc5 27.bxc5 Rc8
28.Nb3 Nd7 29.Rc1 Nc6 30.Rd1 Ndb8 31.f4 Kf8 32.Rd6 Ke7 33.Kf2 Rc7 34.Be4 
b4 35.Ke3 Ra7 36.Kd3 Na5 37.Nxa5 Rxa5 38.Kc4 Na6 39.Rc6 Kd7 40.Bf3 g6 41.
Rb6 Rxc5+ 42.Kd4 Ra5 43.Rb7+ Nc7 44.Rxb4 1/2-1/2

[Event "17th EUR-ch"]
[Site "Gjakova KOS"]
[Date "2016.05.21"]
[Round "9.31"]
[White "Lupulescu, Constantin"]
[Black "Svane, Rasmus"]
[Result "1/2-1/2"]
[WhiteElo "2620"]
[BlackElo "2526"]
[EventDate "2016.05.12"]
[PlyCount "101"]

1.e4 e6 2.d4 d5 3.Nc3 Nf6 4.e5 Nfd7 5.f4 c5 6.Nf3 Be7 7.Be3 O-O 8.Qd2 Nc6 
9.Be2 b6 10.a3 Bb7 11.O-O-O a6 12.f5 cxd4 13.Nxd4 Nxd4 14.Bxd4 Bg5 15.Be3 
Bxe3 16.Qxe3 Qc7 17.fxe6 fxe6 18.Rhe1 Qc5 19.Qh3 Qe7 20.Bd3 g6 21.Kb1 Rae8
22.Qg3 Qf7 23.Ne2 Nc5 24.Nd4 Qf4 25.Qxf4 Rxf4 26.Be2 Bc8 27.Bf3 Bd7 28.Re3
Rc8 29.b3 Kf8 30.g3 Rf7 31.h4 Ke7 32.Kb2 Rff8 33.Rd2 Rc7 34.Rh2 h6 35.Be2 
b5 36.Bd3 Be8 37.Kc1 Nxd3+ 38.Rxd3 Rf1+ 39.Kb2 a5 40.c3 Rc8 41.Rf3 Rxf3 
42.Nxf3 Bd7 43.Re2 Rf8 44.Re3 Rf5 45.Kc1 Be8 46.Kd2 g5 47.hxg5 hxg5 48.Kd3
Bg6 49.Kd2 Be8 50.Kd3 Bg6 51.Kd2 1/2-1/2

[Event "17th EUR-ch"]
[Site "Gjakova KOS"]
[Date "2016.05.21"]
[Round "9.32"]
[White "Nabaty, Tamir"]
[Black "Basso, Pier Luigi"]
[Result "1/2-1/2"]
[WhiteElo "2619"]
[BlackElo "2454"]
[EventDate "2016.05.12"]
[PlyCount "241"]

1.e4 c6 2.Nc3 d5 3.Nf3 Bg4 4.h3 Bh5 5.exd5 cxd5 6.g4 Bg6 7.Ne5 Nc6 8.d4 e6
9.h4 f6 10.h5 fxe5 11.hxg6 h6 12.dxe5 d4 13.Qf3 Qd7 14.Nb5 O-O-O 15.Bf4 a6
16.Nd6+ Bxd6 17.exd6 Nf6 18.O-O-O Rhf8 19.Bc4 e5 20.Bg3 Nxg4 21.Bf7 Nf6 
22.Bh4 Rxf7 23.gxf7 Rf8 24.Bxf6 Rxf7 25.Qd5 Rxf6 26.Qg8+ Nd8 27.f4 Qf7 28.
Qxf7 Nxf7 29.Rdg1 exf4 30.Rxg7 Kd7 31.Rhg1 Rf5 32.Kd2 Kxd6 33.Rg8 f3 34.c3
dxc3+ 35.bxc3 Re5 36.Re1 f2 37.Rf1 Ra5 38.Rxf2 Rxa2+ 39.Ke3 Rxf2 40.Kxf2 
Kc5 41.Ke3 Ne5 42.Rc8+ Nc6 43.Kd3 b5 44.Rf8 Ne5+ 45.Kc2 a5 46.Rf5 Kd5 47.
Kb3 Ke4 48.Rh5 Kd5 49.Rxh6 Kc5 50.Rh8 Kd5 51.Rc8 Kd6 52.Ra8 Nc6 53.Rh8 Ne5
54.Rh5 Ke6 55.Rh4 Kd5 56.Rf4 Kc5 57.Rf8 Kd5 58.Rc8 Kd6 59.Kc2 Kd5 60.Ra8 
Nc6 61.Kd3 Ne5+ 62.Ke3 Nc4+ 63.Kd3 Ne5+ 64.Kd2 Nc4+ 65.Kc2 Kc5 66.Kd3 Ne5+
67.Kc2 Nc4 68.Rc8+ Kd5 69.Rd8+ Kc5 70.Kd3 Ne5+ 71.Ke4 Nc6 72.Rd5+ Kb6 73.
Rh5 a4 74.Kd3 Na5 75.Rh6+ Kc5 76.Rh5+ Kb6 77.Rg5 Nc6 78.Rd5 Na5 79.Rf5 Nc6
80.c4 bxc4+ 81.Kxc4 Na5+ 82.Kb4 Nc6+ 83.Kxa4 Nd4 84.Rd5 Nc6 85.Kb3 Na5+ 
86.Kc3 Nc6 87.Rh5 Na5 88.Kd4 Nb3+ 89.Kd5 Kb5 90.Rh4 Nc5 91.Rh8 Na6 92.Kd6 
Nb4 93.Rc8 Na6 94.Rc6 Nb4 95.Rc5+ Kb6 96.Rh5 Nc6 97.Kd5 Kb5 98.Rg5 Na5 99.
Rg8 Nc6 100.Rg5 Na5 101.Rg1 Kb4 102.Rc1 Kb3 103.Kc5 Kb2 104.Rh1 Nb3+ 105.
Kc4 Nd2+ 106.Kd3 Nb1 107.Rh8 Na3 108.Rb8+ Kc1 109.Rb7 Nb1 110.Rb3 Nd2 111.
Rc3+ Kd1 112.Ra3 Nb1 113.Ra2 Kc1 114.Rc2+ Kd1 115.Rc7 Na3 116.Rg7 Kc1 117.
Rg2 Nb1 118.Kc4 Nd2+ 119.Kc3 Nb1+ 120.Kd3 Na3 121.Ke4 1/2-1/2

[Event "17th EUR-ch"]
[Site "Gjakova KOS"]
[Date "2016.05.21"]
[Round "9.33"]
[White "Kovalev, Vladislav"]
[Black "Salgado Lopez, Ivan"]
[Result "1/2-1/2"]
[WhiteElo "2562"]
[BlackElo "2618"]
[EventDate "2016.05.12"]
[PlyCount "118"]

1.e4 c5 2.Be2 Nc6 3.f4 g6 4.Nf3 Bg7 5.d3 d6 6.c3 Nf6 7.O-O O-O 8.Kh1 b6 9.
Be3 Bb7 10.Nbd2 e5 11.fxe5 dxe5 12.Nc4 Ne8 13.a3 Nd6 14.Nfd2 Nxc4 15.Nxc4 
Qc7 16.b4 b5 17.Nd2 cxb4 18.axb4 a5 19.bxa5 Nxa5 20.Qb1 Bc6 21.Rc1 Rfb8 
22.Rc2 Bd7 23.Rb2 Bf8 24.Nf3 f6 25.Bd2 Nb7 26.Rba2 Rxa2 27.Qxa2+ Kg7 28.d4
Nd8 29.Rf1 Be6 30.Qb1 Nf7 31.Qe1 Be7 32.Qg3 Bc4 33.dxe5 Nxe5 34.Nd4 Kh8 
35.Bf4 Bxe2 36.Nxe2 Bf8 37.h4 Re8 38.Bxe5 Qxe5 39.Qxe5 Rxe5 40.Rxf6 Kg8 
41.Nd4 Rxe4 42.Nf3 Be7 43.Rb6 Bxh4 44.Nxh4 Rxh4+ 45.Kg1 Rh5 46.Rc6 Kg7 47.
c4 bxc4 48.Rxc4 Rb5 49.Rc7+ Kh6 50.Kh2 Rb3 51.g4 Kg5 52.Rxh7 Kxg4 53.Rc7 
g5 54.Kg2 Rb2+ 55.Kg1 Re2 56.Rc3 Kf4 57.Rb3 Re3 58.Rxe3 Kxe3 59.Kg2 Kf4 
1/2-1/2

[Event "17th EUR-ch"]
[Site "Gjakova KOS"]
[Date "2016.05.21"]
[Round "9.34"]
[White "Sanikidze, Tornike"]
[Black "Bok, Benjamin"]
[Result "1-0"]
[WhiteElo "2537"]
[BlackElo "2614"]
[EventDate "2016.05.12"]
[PlyCount "101"]

1.d4 Nf6 2.c4 g6 3.Nc3 Bg7 4.e4 d6 5.Nf3 O-O 6.Be2 e5 7.O-O Nc6 8.d5 Ne7 
9.Be3 Ng4 10.Bd2 f5 11.Ng5 Nf6 12.f3 c6 13.Be3 Kh8 14.Kh1 h6 15.Nh3 f4 16.
Bf2 c5 17.a3 g5 18.b4 b6 19.Rb1 Rg8 20.a4 Bf8 21.a5 h5 22.Ng1 Ng6 23.Na4 
Bd7 24.Be1 g4 25.Nc3 Be7 26.bxc5 bxc5 27.a6 Bc8 28.Qa4 Nh7 29.Nb5 Rb8 30.
Ba5 Qf8 31.Nxa7 Rxb1 32.Rxb1 gxf3 33.Nxf3 Bg4 34.Nc6 Qg7 35.a7 Nh4 36.Rb8 
Nf8 37.Nxe7 Bh3 38.Nxh4 Bxg2+ 39.Kg1 Bxe4+ 40.Nhg6+ Bxg6 41.Nxg8 Be4+ 42.
Kf2 Qg2+ 43.Ke1 f3 44.Bf1 f2+ 45.Ke2 Bd3+ 46.Kd2 Qxf1 47.Rxf8 Qe2+ 48.Kc3 
f1=Q 49.Rxf1 Qxf1 50.a8=Q Qe1+ 51.Kxd3 1-0

[Event "17th EUR-ch"]
[Site "Gjakova KOS"]
[Date "2016.05.21"]
[Round "9.35"]
[White "Khismatullin, Denis"]
[Black "Petrov, Nikita"]
[Result "1-0"]
[WhiteElo "2609"]
[BlackElo "2475"]
[EventDate "2016.05.12"]
[PlyCount "69"]

1.Nf3 Nf6 2.c4 c5 3.Nc3 d5 4.cxd5 Nxd5 5.g3 g6 6.Qb3 Nb4 7.Bg2 Bg7 8.O-O 
O-O 9.d3 N8c6 10.Be3 b6 11.Rfc1 Be6 12.Qa4 Bd7 13.Qd1 Nd4 14.a3 Nbc6 15.b4
Nxf3+ 16.Bxf3 cxb4 17.axb4 Rc8 18.Qd2 Nxb4 19.Rxa7 Nc6 20.Rb7 Nd4 21.Bxd4 
Bxd4 22.Nd5 e6 23.Rxc8 Bxc8 24.Ne7+ Kg7 25.Nxc8 Qxc8 26.e3 Bc3 27.Qc2 Ba5 
28.Rc7 Qd8 29.d4 Qf6 30.Qc6 Rb8 31.Kg2 Be1 32.Qd6 Rd8 33.Qxb6 e5 34.Qxf6+ 
Kxf6 35.dxe5+ 1-0

[Event "17th EUR-ch"]
[Site "Gjakova KOS"]
[Date "2016.05.21"]
[Round "9.36"]
[White "Petrosian, Manuel"]
[Black "Hammer, Jon Ludvig"]
[Result "1/2-1/2"]
[WhiteElo "2480"]
[BlackElo "2689"]
[EventDate "2016.05.12"]
[PlyCount "74"]

1.d4 Nf6 2.c4 e6 3.Nf3 d5 4.e3 b6 5.Nc3 Bd6 6.cxd5 exd5 7.Bb5+ c6 8.Bd3 
O-O 9.O-O Qe7 10.Qc2 Re8 11.b3 Bb7 12.Bb2 Nbd7 13.Bf5 g6 14.Bh3 h5 15.Rfe1
Ne4 16.Bxd7 Qxd7 17.Ne5 Qf5 18.f3 Nxc3 19.Qxf5 gxf5 20.Bxc3 f6 21.Nd3 Kf7 
22.Bb4 Bc7 23.a4 a5 24.Ba3 h4 25.Rac1 Re6 26.Nf4 Bxf4 27.exf4 Rae8 28.Kf2 
Ba6 29.Rxe6 Rxe6 30.Re1 Bd3 31.b4 Bc2 32.bxa5 bxa5 33.Bc5 Bxa4 34.Rxe6 
Kxe6 35.Bb6 Bd1 36.Bxa5 h3 37.gxh3 Kf7 1/2-1/2

[Event "17th EUR-ch"]
[Site "Gjakova KOS"]
[Date "2016.05.21"]
[Round "9.37"]
[White "Matlakov, Maxim"]
[Black "Boruchovsky, Avital"]
[Result "1-0"]
[WhiteElo "2693"]
[BlackElo "2542"]
[EventDate "2016.05.12"]
[PlyCount "61"]

1.d4 d5 2.c4 c6 3.Nf3 Nf6 4.e3 Bf5 5.Nc3 a6 6.Bd2 h6 7.Qb3 b5 8.cxd5 cxd5 
9.a4 b4 10.Qxb4 Nc6 11.Qc5 Rc8 12.Bxa6 e5 13.Qb5 Rb8 14.Qe2 Rxb2 15.Bb5 
Bd7 16.Bxc6 Bxc6 17.Nxe5 Qa8 18.Nd3 Rb6 19.O-O Bd6 20.Ne5 Bxe5 21.dxe5 Nd7
22.Nb5 O-O 23.e6 fxe6 24.Nc7 Qa7 25.Nxe6 Re8 26.Nd4 Bxa4 27.Bc3 Nc5 28.Qh5
Qd7 29.Nf5 Bc2 30.Ra7 Nb7 31.Bd4 1-0

[Event "17th EUR-ch"]
[Site "Gjakova KOS"]
[Date "2016.05.21"]
[Round "9.38"]
[White "Korobov, Anton"]
[Black "Andersen, Mads"]
[Result "1/2-1/2"]
[WhiteElo "2674"]
[BlackElo "2505"]
[EventDate "2016.05.12"]
[PlyCount "64"]

1.d4 d5 2.c4 c6 3.Nf3 Nf6 4.Nc3 e6 5.g3 dxc4 6.Bg2 b5 7.Ne5 Qb6 8.O-O Bb7 
9.e4 Nbd7 10.Be3 Rd8 11.Nxd7 Rxd7 12.e5 Nd5 13.Nxd5 cxd5 14.f4 g6 15.g4 
Bg7 16.Qd2 f5 17.exf6 Bxf6 18.Rae1 O-O 19.f5 exf5 20.gxf5 Bg7 21.fxg6 
Rxf1+ 22.Rxf1 Qxg6 23.Kh1 Rf7 24.Rxf7 Kxf7 25.Qf2+ Qf6 26.Qg3 h6 27.Qb8 
Qe7 28.Qxa7 Qxe3 29.Qxb7+ Kg6 30.Bxd5 Bxd4 31.Qf7+ Kg5 32.Qf1 Qf2 1/2-1/2

[Event "17th EUR-ch"]
[Site "Gjakova KOS"]
[Date "2016.05.21"]
[Round "9.39"]
[White "Mastrovasilis, Athanasios"]
[Black "Laznicka, Viktor"]
[Result "1/2-1/2"]
[WhiteElo "2542"]
[BlackElo "2668"]
[EventDate "2016.05.12"]
[PlyCount "37"]

1.Nf3 d5 2.g3 Nf6 3.Bg2 e6 4.d4 b5 5.b3 Bb7 6.O-O Nbd7 7.Bg5 b4 8.c4 bxc3 
9.Nxc3 c5 10.e4 dxe4 11.Ne5 cxd4 12.Qxd4 Nxe5 13.Qxe5 Bd6 14.Qb5+ Qd7 15.
Bxf6 gxf6 16.Bxe4 Rc8 17.Rac1 Rxc3 18.Qxd7+ Kxd7 19.Bxb7 1/2-1/2

[Event "17th EUR-ch"]
[Site "Gjakova KOS"]
[Date "2016.05.21"]
[Round "9.40"]
[White "Areschenko, Alexander"]
[Black "Gasanov, Eldar"]
[Result "1/2-1/2"]
[WhiteElo "2667"]
[BlackElo "2496"]
[EventDate "2016.05.12"]
[PlyCount "66"]

1.e4 c5 2.Nf3 d6 3.d4 Nf6 4.Nc3 cxd4 5.Nxd4 Bd7 6.Bg5 e6 7.Qd2 a6 8.O-O-O 
h6 9.Be3 Ng4 10.f4 Nxe3 11.Qxe3 Nc6 12.Nf3 Be7 13.Kb1 Qc7 14.g4 O-O-O 15.
h4 Kb8 16.Bh3 Na5 17.g5 hxg5 18.hxg5 Nc4 19.Qc1 Rc8 20.Rd3 g6 21.Nd4 Rh4 
22.Rhd1 Rch8 23.Bf1 Rh1 24.Nce2 Na5 25.Nf3 Rc8 26.Rc3 Qb6 27.Rxc8+ Bxc8 
28.Ng3 Rh8 29.Qd2 Nc6 30.Bd3 Rh3 31.Qg2 Rh8 32.Qd2 Rh3 33.Qg2 Rh8 1/2-1/2

[Event "17th EUR-ch"]
[Site "Gjakova KOS"]
[Date "2016.05.21"]
[Round "9.41"]
[White "Moiseenko, Olexandr"]
[Black "Neverov, Valeriy"]
[Result "1/2-1/2"]
[WhiteElo "2663"]
[BlackElo "2498"]
[EventDate "2016.05.12"]
[PlyCount "108"]

1.d4 d5 2.c4 e6 3.Nc3 Be7 4.Bf4 Nf6 5.e3 O-O 6.a3 b6 7.Nf3 Bb7 8.cxd5 exd5
9.Bd3 c5 10.h3 Nbd7 11.O-O Ne4 12.Qc2 Rc8 13.Rfd1 Ndf6 14.dxc5 Nxc3 15.
bxc3 Rxc5 16.Be5 g6 17.a4 Nd7 18.Bd4 Rc8 19.Qb2 Nc5 20.Be2 Ne6 21.a5 Nxd4 
22.cxd4 Rc6 23.Ne5 Rd6 24.Rdc1 a6 25.axb6 Rxb6 26.Qa2 Bd6 27.Nd3 Bc6 28.
Nc5 Bb5 29.g3 Qe7 30.Bxb5 axb5 31.Qxd5 Bxg3 32.fxg3 Qxe3+ 33.Kh2 Rd6 34.
Qe5 Qf2+ 35.Kh1 Qf3+ 36.Kg1 Rxd4 37.Rf1 Qd5 38.Qxd5 Rxd5 39.Ne4 Rd4 40.Ng5
h6 41.Nf3 Ra4 42.Rxa4 bxa4 43.Ra1 Ra8 44.Nd4 Kg7 45.Ra3 f5 46.Ne6+ Kf6 47.
Nc5 Ra5 48.Nxa4 Kg5 49.Kg2 h5 50.Ra2 h4 51.Kf3 hxg3 52.Kxg3 Kh5 53.h4 g5 
54.hxg5 Kxg5 1/2-1/2

[Event "17th EUR-ch"]
[Site "Gjakova KOS"]
[Date "2016.05.21"]
[Round "9.42"]
[White "Postny, Evgeny"]
[Black "Firat, Burak"]
[Result "1/2-1/2"]
[WhiteElo "2662"]
[BlackElo "2461"]
[EventDate "2016.05.12"]
[PlyCount "124"]

1.d4 Nf6 2.c4 g6 3.Nf3 Bg7 4.e3 O-O 5.Be2 c5 6.d5 e6 7.Nc3 exd5 8.cxd5 d6 
9.Nd2 Na6 10.O-O Nc7 11.e4 a6 12.a4 Bd7 13.Nc4 Bxa4 14.Nxa4 b5 15.Na5 bxa4
16.Nc6 Qd7 17.Rxa4 Rfe8 18.Bf3 Nb5 19.Bf4 Nd4 20.Nxd4 cxd4 21.Rxd4 Nh5 22.
Be3 Bxd4 23.Bxd4 Ng7 24.Bf6 Reb8 25.Bg4 Qa7 26.Re1 Rb5 27.Bd4 Qb7 28.Bc3 
Re8 29.Be2 Rc5 30.Qd4 f5 31.Bxa6 Qc7 32.g3 Re5 33.Bd3 fxe4 34.Rxe4 Nf5 35.
Qa4 Rxc3 36.bxc3 Qxc3 37.Qa8+ Kg7 38.Qa7+ Kh6 39.Rxe5 Qxe5 40.Bxf5 gxf5 
41.Qa5 Qe2 42.h4 f4 43.Qa1 Kg6 44.Qb1+ Kg7 45.Qa1+ Kg6 46.Qc1 fxg3 47.Qg5+
Kf7 48.Qf5+ Ke8 49.fxg3 h5 50.Qf1 Qe3+ 51.Kh2 Qd2+ 52.Qg2 Qd3 53.Qa2 Kf7 
54.Qg2 Kf6 55.Qb2+ Kg6 56.Qa2 Kf5 57.Qf2+ Kg6 58.Qg2 Kf6 59.g4 hxg4 60.
Qxg4 Qxd5 61.h5 Qd2+ 62.Kh3 Qe3+ 1/2-1/2

[Event "17th EUR-ch"]
[Site "Gjakova KOS"]
[Date "2016.05.21"]
[Round "9.43"]
[White "Grandelius, Nils"]
[Black "Schachinger, Mario"]
[Result "1-0"]
[WhiteElo "2649"]
[BlackElo "2443"]
[EventDate "2016.05.12"]
[PlyCount "73"]

1.Nf3 Nf6 2.c4 g6 3.g3 Bg7 4.Bg2 O-O 5.Nc3 d6 6.O-O e5 7.d4 Nc6 8.dxe5 
dxe5 9.Bg5 Be6 10.Nd5 Bxd5 11.Bxf6 Qxf6 12.cxd5 Nd4 13.Nd2 Qa6 14.e3 Nf5 
15.Qc2 Rfd8 16.Nb3 Rac8 17.Bh3 c6 18.d6 Rb8 19.Bxf5 gxf5 20.Rfd1 e4 21.Qc5
Bxb2 22.Rab1 Bg7 23.Qxf5 b6 24.d7 Qa4 25.Kg2 Rb7 26.Rd6 Rc7 27.Rbd1 c5 28.
R1d5 Rc6 29.Nd2 Rxd6 30.Rxd6 h6 31.Nxe4 Kf8 32.Qd5 Ke7 33.Rxb6 Rxd7 34.
Qxc5+ Ke8 35.Nd6+ Rxd6 36.Rxd6 Qe4+ 37.f3 1-0

[Event "17th EUR-ch"]
[Site "Gjakova KOS"]
[Date "2016.05.21"]
[Round "9.44"]
[White "Deac, Bogdan-Daniel"]
[Black "Volokytin, Andriy"]
[Result "1/2-1/2"]
[WhiteElo "2501"]
[BlackElo "2642"]
[EventDate "2016.05.12"]
[PlyCount "44"]

1.Nf3 Nf6 2.c4 c5 3.Nc3 d5 4.cxd5 Nxd5 5.e4 Nb4 6.Bc4 Nd3+ 7.Ke2 Nf4+ 8.
Kf1 Nd3 9.Qe2 Nxc1 10.Rxc1 e6 11.e5 Nc6 12.h4 Bd7 13.d3 h6 14.Bb3 Nd4 15.
Nxd4 cxd4 16.Ne4 Rc8 17.Qd2 a5 18.Rxc8 Qxc8 19.Qxa5 Qc1+ 20.Ke2 Qxh1 21.
Qa8+ Ke7 22.Qa3+ Kd8 1/2-1/2

[Event "17th EUR-ch"]
[Site "Gjakova KOS"]
[Date "2016.05.21"]
[Round "9.45"]
[White "Blomqvist, Erik"]
[Black "Onischuk, Vladimir"]
[Result "0-1"]
[WhiteElo "2526"]
[BlackElo "2628"]
[EventDate "2016.05.12"]
[PlyCount "112"]

1.e4 d6 2.d4 Nf6 3.Nc3 g6 4.Bg5 Bg7 5.Qd2 h6 6.Bf4 c6 7.h3 b5 8.a3 Nfd7 9.
Nf3 e5 10.Be3 a6 11.Be2 Qe7 12.O-O Nf6 13.dxe5 dxe5 14.Rfd1 Nbd7 15.Ne1 h5
16.Nd3 O-O 17.b4 Re8 18.a4 Bb7 19.Nc5 Nxc5 20.Bxc5 Qe6 21.g4 hxg4 22.hxg4 
Rab8 23.f3 Bf8 24.Bxf8 Rxf8 25.Qh6 Rfd8 26.Kf2 Ne8 27.g5 Ng7 28.Rh1 Nh5 
29.Rag1 Rd6 30.f4 exf4 31.Bxh5 Qe5 32.Be2 Qd4+ 33.Kf1 Rbd8 34.Qh7+ Kf8 35.
Qh8+ Ke7 36.Qxd4 Rxd4 37.Rg4 f3 38.Bd3 Rxd3 39.cxd3 Rxd3 40.Rf4 Bc8 41.Rh8
Be6 42.Nxb5 cxb5 43.a5 Rb3 44.Ra8 Rxb4 45.Ra7+ Kf8 46.Rxa6 Kg7 47.Kf2 Rc4 
48.Ra8 Rc5 49.a6 Rxg5 50.Rh4 b4 51.Rhh8 Ra5 52.e5 Ra2+ 53.Ke3 f6 54.exf6+ 
Kxf6 55.Rhf8+ Kg7 56.Rfe8 f2 0-1

[Event "17th EUR-ch"]
[Site "Gjakova KOS"]
[Date "2016.05.21"]
[Round "9.46"]
[White "Ali Marandi, Cemil Can"]
[Black "Oleksiyenko, Mykhaylo"]
[Result "1/2-1/2"]
[WhiteElo "2476"]
[BlackElo "2622"]
[EventDate "2016.05.12"]
[PlyCount "78"]

1.e4 c6 2.d4 d5 3.Nd2 g6 4.Ngf3 Bg7 5.c3 dxe4 6.Nxe4 Nd7 7.g3 Ngf6 8.Nxf6+
Nxf6 9.Bg2 O-O 10.O-O Bg4 11.h3 Bxf3 12.Qxf3 e6 13.Re1 a5 14.Qe2 Nd5 15.
Qc2 a4 16.Bd2 b5 17.Rad1 Qb6 18.b3 axb3 19.axb3 b4 20.c4 Bxd4 21.cxd5 
Bxf2+ 22.Kh2 Bxe1 23.Rxe1 cxd5 24.Be3 Qd6 25.Qf2 Rac8 26.Qf6 Qd8 27.Qd4 
Qc7 28.Bd2 Qc2 29.Rc1 Qxc1 30.Bxc1 Rxc1 31.h4 h5 32.g4 hxg4 33.Qxg4 Ra8 
34.Qxb4 Ra2 35.Kh3 Rb1 36.Bf3 Rab2 37.Qb8+ Kg7 38.Qe5+ Kg8 39.Qb8+ Kg7 
1/2-1/2

[Event "17th EUR-ch"]
[Site "Gjakova KOS"]
[Date "2016.05.21"]
[Round "9.47"]
[White "Andriasian, Zaven"]
[Black "Agopov, Mikael"]
[Result "1-0"]
[WhiteElo "2602"]
[BlackElo "2442"]
[EventDate "2016.05.12"]
[PlyCount "71"]

1.e4 c5 2.Nf3 d6 3.d4 cxd4 4.Nxd4 Nf6 5.Nc3 a6 6.h3 e6 7.g4 Be7 8.Bg2 O-O 
9.g5 Nfd7 10.h4 Nc6 11.f4 Nxd4 12.Qxd4 d5 13.Be3 b5 14.exd5 Bb7 15.O-O-O 
Bc5 16.Qd2 b4 17.Ne2 Qa5 18.Kb1 Nb6 19.Nd4 Bxd5 20.Nb3 Bxe3 21.Qxe3 Qb5 
22.Nd4 Qc5 23.Bxd5 Nxd5 24.Qe5 Rac8 25.g6 hxg6 26.h5 Qc7 27.hxg6 Nxf4 28.
gxf7+ Rxf7 29.Qe4 g6 30.Rh4 e5 31.Rdh1 Kg7 32.Nf3 Re7 33.Rxf4 exf4 34.Qd4+
Kg8 35.Rh8+ Kf7 36.Ng5# 1-0

[Event "17th EUR-ch"]
[Site "Gjakova KOS"]
[Date "2016.05.21"]
[Round "9.48"]
[White "Haznedaroglu, Kivanc"]
[Black "Saric, Ante"]
[Result "1-0"]
[WhiteElo "2494"]
[BlackElo "2594"]
[EventDate "2016.05.12"]
[PlyCount "133"]

1.d4 d5 2.Nf3 Nf6 3.c4 e6 4.cxd5 exd5 5.Nc3 c6 6.Bg5 Be7 7.Qc2 Na6 8.a3 g6
9.e4 Nxe4 10.Nxe4 dxe4 11.Qxe4 Nc7 12.Bf6 Bf5 13.Qe5 Rg8 14.Ng5 h6 15.Nh7 
Qd6 16.Bc4 Be6 17.Bxe6 Qxe5+ 18.Bxe5 Nxe6 19.O-O-O O-O-O 20.g4 Rd5 21.Bf6 
Nf8 22.Bxe7 Nxh7 23.Rhe1 Re8 24.f3 Kd7 25.Bb4 Ng5 26.Rxe8 Kxe8 27.Re1+ Kd8
28.Be7+ Kd7 29.Bf8 h5 30.gxh5 Ne6 31.hxg6 fxg6 32.Bb4 Rxd4 33.Rg1 Nf4 34.
Kc2 Nd5 35.Bd2 Rh4 36.Rxg6 Rxh2 37.Rg7+ Kc8 38.Rf7 Ne3+ 39.Kd3 Nd5 40.f4 
Rh3+ 41.Kd4 Rh2 42.Bc3 Re2 43.f5 Kb8 44.Kd3 Nxc3 45.bxc3 Re1 46.Rg7 Rf1 
47.Ke4 a5 48.Ke5 Ka7 49.Rg4 Kb6 50.Rf4 Re1+ 51.Kd6 Rd1+ 52.Ke7 Kc7 53.f6 
Re1+ 54.Kf8 Kd7 55.f7 Rg1 56.Rd4+ Kc7 57.c4 b5 58.c5 Rg3 59.Ke7 Re3+ 60.
Kf6 Rf3+ 61.Ke6 Kb7 62.Rd7+ Ka6 63.Rd8 b4 64.axb4 axb4 65.f8=Q Rxf8 66.
Rxf8 Kb5 67.Kd6 1-0

[Event "17th EUR-ch"]
[Site "Gjakova KOS"]
[Date "2016.05.21"]
[Round "9.49"]
[White "Alexandrov, Alexei"]
[Black "Erdogdu, Mert"]
[Result "1-0"]
[WhiteElo "2592"]
[BlackElo "2439"]
[EventDate "2016.05.12"]
[PlyCount "71"]

1.d4 Nf6 2.c4 e6 3.Nc3 d5 4.cxd5 Nxd5 5.e4 Nxc3 6.bxc3 c5 7.Nf3 cxd4 8.
cxd4 Bb4+ 9.Bd2 Bxd2+ 10.Qxd2 O-O 11.Bc4 Nd7 12.O-O b6 13.a4 Bb7 14.Qe3 
Rc8 15.Bd3 a5 16.h3 Qe7 17.Rfc1 Rfd8 18.Rab1 Qd6 19.Bb5 Nf8 20.Rxc8 Rxc8 
21.Ne5 Rd8 22.Rd1 Ng6 23.Nc4 Qf4 24.d5 exd5 25.Qxb6 Rf8 26.exd5 Ba8 27.Qe3
Qf5 28.Nb6 Bb7 29.Bc6 Ba6 30.d6 Nf4 31.Nd5 Qc2 32.Qd2 Ne2+ 33.Kh1 Qc5 34.
Qe3 Qc2 35.Re1 h6 36.Bb5 1-0